[Event "AUT-ch U14 Girls"]
[Site "St Veit"]
[Date "2019.06.09"]
[Round "4.7"]
[White "Molerova, Marketa"]
[Black "Melkonyan, Meri"]
[Result "1-0"]
[WhiteElo "800"]
[BlackElo "800"]
[PlyCount "67"]
[EventDate "2019.06.08"]
[EventType "swiss"]
[EventRounds "7"]
[EventCountry "AUT"]
[SourceTitle "EXT 2024"]
[Source "ChessBase"]
[SourceDate "2023.10.10"]
[SourceVersion "1"]
[SourceVersionDate "2023.10.10"]
[SourceQuality "1"]

1. e4 e5 2. Nf3 Nc6 3. Bc4 Nf6 4. d3 d6 5. 0-0 Na5 6. Bb3 Nxb3 7. axb3 Bg4 8. h3 Bxf3 9. Qxf3 Be7 10. Qg3 0-0 11. Bh6 Nh5 12. Qg4 Bf6 13. Qxh5 gxh6 14. Qxh6 Bg7 15. Qh5 Re8 16. Qg4 d5 17. Nc3 dxe4 18. dxe4 h6 19. Rfd1 Qg5 20. Nd5 Qxg4 21. hxg4 Red8 22. Nxc7 Rxd1+ 23. Rxd1 Rc8 24. Rd7 Bf6 25. Nd5 Bg5 26. c4 Rb8 27. g3 a6 28. f4 exf4 29. gxf4 Bd8 30. e5 Kf8 31. f5 Ke8 32. e6 fxe6 33. fxe6 Bg5 34. Rh7 1-0

[Event "AUT-ch U14 Girls"]
[Site "St Veit"]
[Date "2019.06.08"]
[Round "1.7"]
[White "Danninger, Franziska"]
[Black "Melkonyan, Meri"]
[Result "1-0"]
[WhiteElo "1154"]
[BlackElo "800"]
[PlyCount "111"]
[EventDate "2019.06.08"]
[EventType "swiss"]
[EventRounds "7"]
[EventCountry "AUT"]
[SourceTitle "EXT 2024"]
[Source "ChessBase"]
[SourceDate "2023.10.10"]
[SourceVersion "1"]
[SourceVersionDate "2023.10.10"]
[SourceQuality "1"]

1. e4 e5 2. Nf3 Nc6 3. Bc4 Nf6 4. d3 d5 5. exd5 Nxd5 6. h3 Nd4 7. Nxe5 Qe7 8. Bxd5 Qxe5+ 9. Be4 f5 10. c3 Nc6 11. 0-0 fxe4 12. Re1 Bf5 13. Nd2 Be6 14. Nxe4 0-0-0 15. Ng5 Qf6 16. Nxe6 Rd7 17. Ng5 h6 18. Re8+ Nd8 19. Ne6 Qf7 20. Rxd8+ Rxd8 21. Nxd8 Kxd8 22. Qg4 Bd6 23. Qh4+ g5 24. Bxg5+ Be7 25. Bxe7+ Qxe7 26. Qd4+ Qd7 27. Qxh8+ Ke7 28. Qh7+ Kd6 29. Qxd7+ Kxd7 30. Re1 c5 31. f4 b5 32. f5 c4 33. d4 Kd6 34. f6 Kc6 35. f7 Kb6 36. b4 Ka6 37. f8Q h5 38. Qd6+ Kb7 39. Re7+ Kc8 40. Qd8+ Kxd8 41. Rh7 a6 42. Kf2 Ke8 43. Kf3 Kf8 44. Kf4 Kg8 45. Ra7 h4 46. Kf5 Kf8 47. Kf6 Ke8 48. Ke6 Kd8 49. Kd6 Ke8 50. Rd7 Kf8 51. Rc7 Ke8 52. Kc6 Kd8 53. d5 Ke8 54. d6 Kd8 55. Rh7 a5 56. Rh8# 1-0